[Event "BAN-chT2 Borsho 2nd"]
[Site "Bangladesh"]
[Date "2021.01.28"]
[Round "9.1"]
[White "Md Jamal, Uddin"]
[Black "Shahriar, Salehin"]
[Result "1-0"]
[WhiteElo "2060"]
[BlackElo "1824"]
[PlyCount "77"]
[EventDate "2021.01.20"]
[EventType "team-tourn"]
[EventRounds "9"]
[EventCountry "BAN"]
[SourceTitle "CBM 200 Extra"]
[Source "ChessBase"]
[SourceDate "2021.03.31"]
[SourceVersion "1"]
[SourceVersionDate "2021.03.31"]
[SourceQuality "1"]
[WhiteTeam "Shahnoor Khan Smrity Sangsad"]
[BlackTeam "Mohammadpur CC"]
[WhiteTeamCountry "BAN"]
[BlackTeamCountry "BAN"]

1. d4 d5 2. c4 e6 3. Nf3 Nf6 4. Bg5 Be7 5. e3 0-0 6. Bd3 a6 7. Nbd2 Nbd7 8. Rc1 c5 9. cxd5 Nxd5 10. Bxe7 Qxe7 11. a3 cxd4 12. Nxd4 Nc5 13. Bb1 e5 14. Qc2 g6 15. Qxc5 exd4 16. Qxd5 dxe3 17. Ne4 exf2+ 18. Kxf2 Rd8 19. Qg5 Qxg5 20. Nxg5 Rd2+ 21. Kg3 h6 22. Ne4 Rxb2 23. Rhd1 Bf5 24. Nf6+ Kg7 25. Nh5+ gxh5 26. Bxf5 Kf6 27. Be4 Rg8+ 28. Kh3 Rg4 29. Bf3 Rb3 30. Rb1 Rxa3 31. Rxb7 a5 32. Rdd7 Rg7 33. Rb6+ Kg5 34. Rb5+ Kg6 35. Rdd5 f6 36. Rxa5 Ra7 37. Rxa7 Rxa7 38. Bxh5+ Kg7 39. Bg4 1-0

[Event "BAN-chT2 Borsho 2nd"]
[Site "Bangladesh"]
[Date "2021.01.24"]
[Round "5.1"]
[White "Tahmidul, Haque"]
[Black "Shahriar, Salehin"]
[Result "1-0"]
[WhiteElo "1604"]
[BlackElo "1824"]
[PlyCount "87"]
[EventDate "2021.01.20"]
[EventType "team-tourn"]
[EventRounds "9"]
[EventCountry "BAN"]
[SourceTitle "CBM 200 Extra"]
[Source "ChessBase"]
[SourceDate "2021.03.31"]
[SourceVersion "1"]
[SourceVersionDate "2021.03.31"]
[SourceQuality "1"]
[WhiteTeam "Elegant Int CA Cha"]
[BlackTeam "Mohammadpur CC"]
[WhiteTeamCountry "BAN"]
[BlackTeamCountry "BAN"]

1. e4 e5 2. Nf3 Nc6 3. Bb5 a6 4. Ba4 Nf6 5. 0-0 Be7 6. Re1 b5 7. Bb3 0-0 8. h3 d6 9. c3 Re8 10. d4 Bb7 11. Ng5 Rf8 12. Nf3 h6 13. Nbd2 Re8 14. Nf1 Bf8 15. Ng3 Na5 16. Bc2 g6 17. a4 Nc4 18. Bd3 Bc6 19. d5 Bd7 20. Bxc4 bxc4 21. Qe2 c6 22. Qxc4 cxd5 23. exd5 Qb8 24. Ne4 Nh7 25. Ra3 Rc8 26. Qe2 f5 27. Ng3 Nf6 28. Nh4 Kh7 29. Rd1 Qb7 30. c4 Qb4 31. b3 Rab8 32. Qc2 Qc5 33. Ngxf5 gxf5 34. Nxf5 e4 35. Qc3 Bxf5 36. Qxf6 Bg6 37. Bb2 Bh5 38. Qh8+ Kg6 39. Qf6+ Kh7 40. b4 Qc7 41. Qh8+ Kg6 42. Rg3+ Kf7 43. Re1 Be7 44. Rg7# 1-0